<?xml version="1.0" encoding="UTF-8"?>
<collection xmlns="http://www.loc.gov/MARC21/slim">
 <record>
  <leader>01813nam a22002417a 4500</leader>
  <controlfield tag="001">NCT_23146</controlfield>
  <controlfield tag="008">171123b        xxu||||| |||| 00| 0 vie d</controlfield>
  <datafield tag="999" ind1=" " ind2=" ">
   <subfield code="c">1094</subfield>
   <subfield code="d">1094</subfield>
  </datafield>
  <datafield tag="020" ind1=" " ind2=" ">
   <subfield code="c">82000</subfield>
  </datafield>
  <datafield tag="082" ind1="1" ind2="4">
   <subfield code="2">22nd ed.</subfield>
   <subfield code="a">005.3</subfield>
   <subfield code="b">M312</subfield>
  </datafield>
  <datafield tag="100" ind1="1" ind2="0">
   <subfield code="a">Nguyễn Ngọc Minh</subfield>
   <subfield code="e">Chủ biên</subfield>
  </datafield>
  <datafield tag="245" ind1="1" ind2="0">
   <subfield code="a">Xây dựng nhanh hệ thống bán hàng qua mạng bằng visual web developer</subfield>
   <subfield code="c">Nguyễn Ngọc Minh, Phương Lan</subfield>
  </datafield>
  <datafield tag="260" ind1=" " ind2=" ">
   <subfield code="a">H.</subfield>
   <subfield code="b">Lao Động - Xã Hội</subfield>
   <subfield code="c">2008</subfield>
  </datafield>
  <datafield tag="300" ind1=" " ind2=" ">
   <subfield code="a">305tr</subfield>
   <subfield code="b">Ảnh minh họa</subfield>
   <subfield code="c">24 cm</subfield>
   <subfield code="e">đĩa CD</subfield>
  </datafield>
  <datafield tag="520" ind1=" " ind2=" ">
   <subfield code="a">Quyển sách này giới thiệu một mội trường phát triển ứng dụng web nhanh và mạnh của Microsoft, đó là công cụ Visual Web Developer cho phép bạn xây dựng các ứng dụng Web lớn bằng các kỹ thuật kéo-thả, Wizard và hàng trăm các công cụ, điều khiển thân thiện khác. Quyển sách này hướng dẫn từng bước xây dựng một ứng dụng thương mại điện tử với đầy đủ các tính năng mà bạn thấy trên Internet ngày nay.</subfield>
  </datafield>
  <datafield tag="653" ind1=" " ind2=" ">
   <subfield code="a">Visual web developer</subfield>
  </datafield>
  <datafield tag="655" ind1=" " ind2=" ">
   <subfield code="a">Công nghệ thông tin</subfield>
  </datafield>
  <datafield tag="700" ind1="1" ind2="0">
   <subfield code="a">Phương Lan</subfield>
   <subfield code="e">Hiệu đính</subfield>
  </datafield>
  <datafield tag="942" ind1=" " ind2=" ">
   <subfield code="2">ddc</subfield>
   <subfield code="c">BK</subfield>
  </datafield>
  <datafield tag="952" ind1=" " ind2=" ">
   <subfield code="0">0</subfield>
   <subfield code="1">0</subfield>
   <subfield code="2">ddc</subfield>
   <subfield code="4">0</subfield>
   <subfield code="6">005_300000000000000_M312</subfield>
   <subfield code="7">0</subfield>
   <subfield code="9">4158</subfield>
   <subfield code="a">000001</subfield>
   <subfield code="b">000001</subfield>
   <subfield code="d">2017-11-23</subfield>
   <subfield code="o">005.3 M312</subfield>
   <subfield code="p">MD.02041</subfield>
   <subfield code="r">2017-11-23</subfield>
   <subfield code="v">82000.00</subfield>
   <subfield code="w">2017-11-23</subfield>
   <subfield code="y">BK</subfield>
  </datafield>
  <datafield tag="952" ind1=" " ind2=" ">
   <subfield code="0">0</subfield>
   <subfield code="1">0</subfield>
   <subfield code="2">ddc</subfield>
   <subfield code="4">0</subfield>
   <subfield code="6">005_300000000000000_M312</subfield>
   <subfield code="7">0</subfield>
   <subfield code="9">4159</subfield>
   <subfield code="a">000001</subfield>
   <subfield code="b">000001</subfield>
   <subfield code="d">2017-11-23</subfield>
   <subfield code="o">005.3 M312</subfield>
   <subfield code="p">MD.02042</subfield>
   <subfield code="r">2017-11-23</subfield>
   <subfield code="v">82000.00</subfield>
   <subfield code="w">2017-11-23</subfield>
   <subfield code="y">BK</subfield>
  </datafield>
  <datafield tag="952" ind1=" " ind2=" ">
   <subfield code="0">0</subfield>
   <subfield code="1">0</subfield>
   <subfield code="2">ddc</subfield>
   <subfield code="4">0</subfield>
   <subfield code="6">005_300000000000000_M312</subfield>
   <subfield code="7">0</subfield>
   <subfield code="9">4160</subfield>
   <subfield code="a">000001</subfield>
   <subfield code="b">000001</subfield>
   <subfield code="d">2017-11-23</subfield>
   <subfield code="o">005.3 M312</subfield>
   <subfield code="p">MD.02060</subfield>
   <subfield code="r">2017-11-23</subfield>
   <subfield code="v">82000.00</subfield>
   <subfield code="w">2017-11-23</subfield>
   <subfield code="y">BK</subfield>
  </datafield>
  <datafield tag="980" ind1=" " ind2=" ">
   <subfield code="a">Thư viện Trường Đại học Nam Cần Thơ</subfield>
  </datafield>
 </record>
</collection>
